LEADER 01378nam a2200277 i 4500 001 000000367481 003 CaOOAMICUS 005 20260428100539.0 008 260428s2025 it u000 u ita u 020 $a978-88-399-3624-0 040 $aSeMil$bita 100 1 $aFalque, Emmanuel,$d<1963- >.$0(OLS)http://semarc/name/39808 240 14$aLes noces de l'agneau :$bessai philosophique sur le corps et l'eucharistie.$0(OLS)http://semarc/title/459424 245 13$aLe nozze dell'Agnello :$bsaggio filosofico sul corpo e l'eucaristia /$cEmmanuel Falque ; edizione italiana e prefazione di Manuel Belli. 264 1$aBrescia :$bQueriniana,$c2025. 300 $a335 p. :$bill. ;$c23 cm 490 1 $aBiblioteca di teologia contemporanea ;$v224 650 4$aEucaristia.$0(OLS)http://semarc/subject/3487 700 1 $aBelli, Manuel,$d<1982- >.$0(OLS)http://semarc/name/79091 830 0$aBiblioteca di teologia contemporanea ;$v224.$0(OLS)http://semarc/title/14 850 $aSeMil 852 $aSeMil$W1$xVenegono$y1$m2BA M 224$j271089$B258177$CSeMilBibl$Z2$F258177 $81 996 $6020$a978-88-399-3624-0$9(OLS)http://semarc/number/305765 996 $6245$aLe nozze dell'Agnello :$bsaggio filosofico sul corpo e l'eucaristia$9(OLS)http://semarc/title/459425 996 $6264$aBrescia :$bQueriniana$9(OLS)http://semarc/publisher/29615